000 00693nam a2200229Ia 4500
001 4243
003 GE_BSU
008 181216s||||||||xx |||||||||||||| ||und||
040 _cGE_BSU
080 _a621.56/59(035.5)
100 _aУжанский,В.С. Каплан,Л.Г. Вольская,Л.С.
245 _aХолодильная автоматика.
245 _bСправочник.
245 _cРед. А.Л. Циперсон.
260 _aМ.
260 _bПищевая промышленность.
260 _c1971.
300 _a463 стр. с илл. 25 см.
300 _e40 табл.
653 _aХолодильная автоматика.
942 _cBK
999 _c38253
_d38253